Online Catalogue and eLibrary

Development Theory: Recent Trends, (Record no. 1053)

MARC details
000 -LEADER
fixed length control field 00575nam a2200205Ia 4500
005 - DATE AND TIME OF LATEST TRANSACTION
control field 20250312071816.0
008 - FIXED-LENGTH DATA ELEMENTS--GENERAL INFORMATION
fixed length control field 240331s9999 xx 000 0 und d
020 ## - INTERNATIONAL STANDARD BOOK NUMBER
ISBN 08030030 (ISSN)
082 ## - DDC Classification
Class No. 301.01
Item Number - Author Mark OFS
DDC Edition Number 3180
245 #0 - TITLE STATEMENT
Title Development Theory: Recent Trends,
Remainder of title Proceedings of the NFU Annual Conference 1992
260 ## - PUBLICATION, DISTRIBUTION, ETC.
Place of publication, distribution, etc. Fantoft-Bergen,
Name of publisher, distributor, etc. Chr. Michelson Institute
Date of publication, distribution, etc. 1993
300 ## - PHYSICAL DESCRIPTION
Extent (e.g. Volumes, Pages etc.) v, 285 p.,
650 ## - SUBJECT ADDED ENTRY--TOPICAL TERM
Topical term or geographic name entry element Economics
650 ## - SUBJECT ADDED ENTRY--TOPICAL TERM
Topical term or geographic name entry element Democratism
650 ## - SUBJECT ADDED ENTRY--TOPICAL TERM
Topical term or geographic name entry element Human Rights
650 ## - SUBJECT ADDED ENTRY--TOPICAL TERM
Topical term or geographic name entry element Gender
700 ## - ADDED ENTRY--PERSONAL NAME
Personal name Ofstad, A
Relator term (Role) Editor
700 ## - ADDED ENTRY--PERSONAL NAME
Personal name Wiig, A
Relator term (Role) Editor
942 ## - Koha item type (Biblio)
Koha item type Books in Stacks (Lending)
Holdings
Lost status Damaged status Collection code Home library Current library Shelving location Date acquired Full call number Accession Number Item type
    Lending WERC Library WERC Library Social Science Cupboard 03/31/2024 301.01 OFS 3180 Books in Stacks (Lending)

© WERC Library